[Event "28th WSCC Open 65 2018"]
[Site "Bled"]
[Date "2018.11.19"]
[Round "2"]
[White "Renman, Nils-Gustaf"]
[Black "Haubt, Georg"]
[Result "1-0"]
[WhiteElo "2351"]
[BlackElo "2136"]
[Annotator "TA"]
[PlyCount "62"]
[EventDate "2018.11.17"]
[EventType "swiss"]
[EventCountry "SLO"]
[SourceTitle "playchess.com"]
[Source "ChessBase"]
[SourceQuality "1"]

{[%evp 19,62,37,39,27,72,54,73,60,90,32,79,75,70,77,76,77,103,111,107,79,85,87,84,89,173,163,163,110,206,218,400,389,406,319,376,320,368,348,1293,1264,1772,927,962,913,29994]} 1. d4 Nf6 2. Nf3 e6 3. c4 c5 4. d5 exd5 5. cxd5 d6 6. Nc3 g6 7. e4 Bg7 8. Nd2 O-O 9. Be2 Nbd7 10. O-O Ne5 {LiveBook: 9 Games. A73: Modern Benoni: Classical: Unusual Black 9th moves} (10... Re8 11. h3 a6 12. a4 h6 13. f4 Rb8 14. a5 b5 15. axb6 Rxb6 16. Nc4 Nxe4 17. Nxe4 Rxe4 18. Nxb6 Qxb6 19. Bf3 Rb4 20. Re1 {½-½ (61) Wojtaszek,R (2734)-Donchenko,A (2563) Chartres 2017}) 11. Nb3 $146 ({Predecessor:} 11. a4 g5 12. Re1 Nfg4 13. Nf1 f5 14. exf5 Bxf5 15. f3 Nh6 16. Ng3 Bg6 17. Be3 Nhf7 18. Qd2 {0-1 (33) Castellanos Rodriguez,R (2501)-Shyam,S (2521) Rochefort 2018}) 11... Qb6 12. h3 h6 {White is slightly better.} 13. Be3 g5 $1 14. Qc2 (14. Rb1 $16) 14... Bd7 15. Nd2 Qd8 16. f4 gxf4 17. Bxf4 Ne8 18. Nf3 f5 19. Qd2 Qf6 20. Nxe5 dxe5 21. Be3 b6 (21... f4 $16) 22. exf5 $18 Bxf5 23. g4 $36 {[%mdl 2048] Keeping Black busy.} (23. Kh2 $18 {Strongly threatening g4.} Qh4 24. g4) 23... Qg6 (23... Qh4 $16) 24. Kh2 Bd7 $2 {[#]} (24... Be4 25. Nxe4 Qxe4 26. Rxf8+ Bxf8) 25. Bd3 Qd6 26. Rxf8+ Bxf8 27. Rf1 Nf6 28. Qg2 {[#] Hoping for Ne4.} Bg7 $2 (28... e4+ 29. Bf4 Qe7) 29. Ne4 {White is clearly winning.} Qe7 30. d6 Nxg4+ 31. Qxg4 Qd8 {Precision: White = 58%, Black = 27%.} 1-0

[Event "28th WSCC Open 65 2018"]
[Site "Bled"]
[Date "2018.11.19"]
[Round "2"]
[White "Lisenko, Alexander V"]
[Black "Gal, Moshe"]
[Result "1-0"]
[WhiteElo "2334"]
[BlackElo "2116"]
[Annotator "TA"]
[PlyCount "61"]
[EventDate "2018.11.17"]
[EventType "swiss"]
[EventCountry "SLO"]
[SourceTitle "playchess.com"]
[Source "ChessBase"]
[SourceQuality "1"]

{[%evp 14,61,0,0,0,0,5,-12,0,0,0,0,0,0,0,-15,189,192,375,370,379,379,375,362,367,362,462,455,518,511,515,519,518,505,476,510,512,507,515,507,489,518,485,502,502,496,612,612,762,757]} 1. c4 c5 2. Nc3 Nc6 3. g3 g6 4. Bg2 Bg7 5. Nf3 e6 6. h4 {A37: Symmetrical English vs ...g6: 4 Bg2 Bg7 5 Nf3} (6. d4 cxd4 7. Nb5 d5 8. cxd5 Qa5+ 9. Nd2 exd5 10. Nd6+ Kf8 11. Nxc8 Rxc8 12. O-O Nge7 13. Nf3 h6 14. h4 Bf6 15. Bd2 Qb6 16. b4 Kg7 17. Rb1 {½-½ (40) Grischuk,A (2766)-So,W (2778) Paris 2018}) 6... h6 7. d3 Nge7 8. Bf4 {LiveBook: 10 Games. The position is equal.} d5 9. cxd5 exd5 10. Qc1 $146 ({Predecessor:} 10. Qd2 Qa5 11. O-O Bg4 12. Rfc1 Rd8 13. a3 c4 14. Rab1 Qb6 15. Rd1 {1-0 (43) Hegoburu,P (2400)-Deforel,J (2192) ICCF email 2016}) 10... Be6 11. O-O Rc8 12. Nb5 {[%cal Bc3b5,Bb5d6,Bd6f7][%mdl 32] [#] Hoping for Nd6+.} Kf8 $1 13. Nd6 Rc7 14. e4 {[%cal Be2e4,Be4d5][%mdl 32]} (14. Re1 {is more complex.} b6 15. d4 cxd4 16. Nb5 Rc8 17. Qd1) 14... Nd4 $2 (14... b6 $11 {and Black stays safe.}) 15. Nxd4 $18 cxd4 $2 {[#]} (15... Bxd4 16. Nb5 (16. Bxh6+ Kg8 $16) 16... Rd7 17. Nxd4 (17. Nxa7 Qa5 $19) (17. Bxh6+ Bg7 $16) 17... cxd4 18. Bxh6+ Kg8) 16. Nxf7 $1 {[%mdl 576] Double Attack} Rxc1 (16... Bxf7 17. Bxc7) 17. Nxd8 Rxf1+ 18. Kxf1 ({Less strong is} 18. Bxf1 Bc8 $18) 18... Bc8 19. exd5 Ke8 20. Ne6 {White is clearly winning.} Bf6 21. Rc1 Kf7 22. Rc7 Bxe6 23. dxe6+ Kxe6 24. Rxb7 g5 25. hxg5 hxg5 26. Bd2 Nc8 27. Bf3 Kf5 28. Rb5+ Kg6 29. Be4+ Kh5 30. Bb4 Nb6 31. Rf5 {Accuracy: White = 74%, Black = 45%.} 1-0

[Event "28th WSCC Open 65 2018"]
[Site "Bled"]
[Date "2018.11.19"]
[Round "2"]
[White "Kiefer, Gerhard"]
[Black "Praznik, Anton"]
[Result "1/2-1/2"]
[WhiteElo "2306"]
[BlackElo "2104"]
[Annotator "TA"]
[PlyCount "129"]
[EventDate "2018.11.17"]
[EventType "swiss"]
[EventCountry "SLO"]
[SourceTitle "playchess.com"]
[Source "ChessBase"]
[SourceQuality "1"]

{[%evp 21,129,10,17,0,18,-13,-8,-15,14,26,55,56,62,20,29,20,24,13,48,37,63,33,67,68,146,167,197,122,190,162,247,238,256,249,237,0,0,-135,-135,-266,-139,-138,-136,-129,-133,-117,-52,-66,-66,-66,-66,-116,-104,-116,-104,-117,-119,-120,-110,-110,-109,-114,-108,-108,-100,-122,-120,-122,-125,-148,-115,-159,-26,-26,-26,-26,-8,-8,-8,-8,-8,-8,-8,-8,-8,-8,-8,-8,-8,-8,-7,-8,-8,-8,-8,-8,-8,-8,-8,-8,-8,-8,-8,-8,-8,-8,-8,-8,0,0]} 1. e4 d6 2. d4 Nf6 3. Nc3 g6 4. f4 Bg7 5. Nf3 c5 6. dxc5 Qa5 7. Bd3 Qxc5 8. Qe2 O-O 9. Be3 Qa5 10. O-O Bg4 11. a3 Nc6 {LiveBook: 23 Games. B09: Pirc Defence: Austrian Attack} 12. Rab1 Nd7 13. b4 Qd8 14. Qd2 Bxf3 15. Rxf3 {[#]} Nd4 $146 ({Predecessor:} 15... a5 16. b5 Nd4 17. Rff1 Rc8 18. Ne2 Nxe2+ 19. Qxe2 {0-1 (34) Kuznetsova,E (2153)-Gurevich,M (2694) Cappelle-la-Grande 2001}) 16. Rh3 Rc8 {Hoping for ...Rxc3!} 17. Ne2 Nxe2+ 18. Qxe2 e6 19. c4 ({But not} 19. Bxa7 b6 $15) 19... b6 20. Rd1 Qe7 21. g4 Rcd8 22. g5 f5 {[#]} (22... f6 $14) 23. exf5 $1 $16 exf5 24. Qf2 (24. Bc2 $18) 24... Rfe8 (24... h6 $16) 25. Bc2 $18 Nf8 (25... h6 {was necessary.}) 26. Ba4 Qe4 27. Bxe8 Rxe8 28. Bd4 $2 ({Better is} 28. Rxd6 $18 Qxc4 29. Qf1) 28... Ne6 $11 29. Bxg7 (29. Be3 $1 $11) 29... Nxf4 $17 30. Qf3 {[#]} ({Don't blunder} 30. Rf3 $2 Nh3+ 31. Rxh3 Qg4+ 32. Kh1 Qxd1+ 33. Kg2 Re2 $19) (30. Qf1 $17 Nxh3+ 31. Qxh3 Kxg7 32. Qc3+ Kg8 33. Qd4) 30... Nxh3+ ({Don't do} 30... Kxg7 31. Qxe4 Nxh3+ 32. Kg2 $17) (30... Qc2 $1 $19 31. Rh4 Ne2+ 32. Kg2 Nd4+ 33. Qf2 Re2) 31. Qxh3 {Strongly threatening Bc3.} Kxg7 $19 {[%mdl 4096] Endgame KQR-KQR} 32. Qc3+ Kg8 {( -> ...Qg4+)} 33. Qd4 Qxd4+ (33... Qe2 $17 {aiming for ...Re4.} 34. Qxd6 Qg4+ 35. Kh1 Qe4+ 36. Kg1 Qg4+ 37. Kh1 Qxg5) 34. Rxd4 $17 {KR-KR} Re6 35. Kf2 Kf8 36. h4 Kf7 37. Rd5 Ke7 38. h5 Re5 {Threatens to win with ...Rxd5.} 39. hxg6 hxg6 40. Rd4 {[#]} f4 $1 {[%mdl 512]} 41. Rxf4 Rxg5 42. Rh4 Rh5 43. Rg4 Kf6 44. Rd4 Ke5 45. Rg4 g5 46. Kg3 a5 (46... Rh1 $17 47. Kf2 Rh2+ 48. Ke1 Ra2 49. Rxg5+ Kd4) 47. bxa5 $1 $11 bxa5 48. a4 Ke6 49. Re4+ {The position is equal.} Kd7 {White must now prevent ...Rh4!} 50. Rd4 {[#]} Rh4 $1 {[%mdl 512]} 51. Rd5 $1 (51. Rxh4 gxh4+) 51... Rxc4 52. Rxa5 g4 53. Ra8 Kc7 54. a5 Kb7 55. Rg8 Rc5 (55... Ra4 {is more complex.} 56. Rxg4 Rxa5 57. Rd4 Kc6 58. Kf4 Rh5) 56. Rxg4 (56. Kxg4 {keeps more tension.} Rxa5 57. Kf4 Re5 58. Rg1 Kc6 59. Rc1+) 56... Rxa5 57. Kf3 Kc6 58. Ke3 Ra3+ 59. Kd2 Kc5 60. Rh4 d5 61. Rg4 Rh3 62. Rf4 Kd6 63. Rg4 Ke5 64. Ra4 d4 65. Ra8 {Accuracy: White = 62%, Black = 59%.} 1/2-1/2

[Event "28th WSCC Open 65 2018"]
[Site "Bled"]
[Date "2018.11.19"]
[Round "2"]
[White "Pritchett, Craig W"]
[Black "Pastor Alonso De Prado, Alberto"]
[Result "1/2-1/2"]
[WhiteElo "2286"]
[BlackElo "2102"]
[Annotator "TA"]
[PlyCount "123"]
[EventDate "2018.11.17"]
[EventType "swiss"]
[EventCountry "SLO"]
[SourceTitle "playchess.com"]
[Source "ChessBase"]
[SourceQuality "1"]

{[%evp 22,123,29,31,52,50,56,25,25,25,32,30,42,37,53,50,78,62,55,52,69,45,44,44,54,43,39,45,52,27,36,22,14,5,10,6,5,0,0,4,2,0,34,34,37,26,100,93,96,81,97,78,100,70,70,31,25,26,65,64,61,33,50,53,41,42,40,40,40,16,25,8,8,8,41,0,45,52,66,49,49,22,22,8,8,8,18,8,8,8,28,0,8,0,28,27,29,24,25,21,23,0,0,0]} 1. e4 e5 2. Nf3 Nc6 3. Bb5 d6 4. d4 Bd7 5. Nc3 Nf6 6. O-O Be7 7. Re1 exd4 8. Nxd4 O-O 9. Bxc6 bxc6 10. Qf3 c5 11. Nf5 Bxf5 12. Qxf5 {LiveBook: 13 Games} Qc8 {C66: Ruy Lopez: Steinitz Defence} (12... Nd7 13. Nd5 Nb6 14. Bd2 Nxd5 15. exd5 Bf6 16. Rab1 Qc8 17. Qd3 Qb7 18. b4 cxb4 19. Rxb4 Qc8 20. Rc4 {½-½ (39) Banikas,H (2614)-Marin,M (2580) Reykjavik 2015}) 13. Qxc8 Raxc8 14. e5 $146 ({Predecessor:} 14. f3 Rfe8 15. Be3 Rb8 16. b3 Nd7 17. Nd5 Bd8 18. Bf2 Nb6 19. c4 Nxd5 20. cxd5 {½-½ (36) Sandstroem,B (2370)-Vaatainen,T ICCF corr 2002}) 14... dxe5 $1 {White has an edge.} 15. Rxe5 Bd6 16. Re1 Rb8 17. Rb1 Rb4 18. Bg5 Re8 {Black wants to play ...Rxe1+.} 19. Rxe8+ Nxe8 20. Re1 Kf8 21. Bc1 f5 22. b3 Nf6 23. g3 Rb8 24. Kg2 Kf7 25. Kf3 c4 26. Bb2 g5 27. h3 h5 28. Rd1 g4+ 29. hxg4 hxg4+ 30. Kg2 Be5 31. Na4 Bxb2 (31... Rb5 {is interesting.} 32. Rd8 Bxb2 33. Nxb2 cxb3 34. axb3 Rc5) 32. Nxb2 cxb3 33. axb3 $11 {[%mdl 4096] Endgame KRN-KRN} Ke6 (33... Rb5 $11) 34. Ra1 $16 Ne4 35. Rxa7 c5 36. Nd3 Kd5 37. Rf7 Ke6 38. Rh7 Ra8 $1 39. Rh6+ Ke7 40. f3 $1 {[%cal Rf3e4]} Nf6 41. fxg4 fxg4 42. Rh1 Ra2 43. Re1+ Kd6 44. Re2 Nd5 45. Ne1 Ra1 46. Kh2 Rd1 47. Ng2 Rd4 48. Rf2 (48. Nh4 $5 {[%cal Rh4f5]} Rd1 49. Nf5+ Kd7 50. Re5 $14) 48... c4 49. bxc4 Nb6 50. Ne3 Re4 51. Rf6+ Kc5 52. Ng2 Nxc4 53. Kg1 Re2 54. Rf2 Re4 55. Rf4 Re2 56. Rf2 Re4 57. Rf4 Re2 58. Rxg4 Rxc2 59. Rg8 Kd4 60. Rc8 Ra2 61. g4 Ne5 62. Rf8 {Accuracy: White = 48%, Black = 64%.} 1/2-1/2

[Event "28th WSCC Open 65 2018"]
[Site "Bled"]
[Date "2018.11.19"]
[Round "2"]
[White "Nukin, Tolegen"]
[Black "Sveshnikov, Evgeny"]
[Result "0-1"]
[WhiteElo "2171"]
[BlackElo "2496"]
[Annotator "TA"]
[PlyCount "102"]
[EventDate "2018.11.17"]
[EventType "swiss"]
[EventCountry "SLO"]
[SourceTitle "playchess.com"]
[Source "ChessBase"]
[SourceQuality "1"]

{[%evp 21,102,-12,-8,-30,-22,-13,0,0,25,0,0,-35,-21,-40,-14,-40,-37,-32,-31,-36,-43,-62,-51,-94,-67,-119,-133,-121,-147,-235,-224,-231,-217,-216,-218,-205,-97,-290,-291,-307,-275,-261,-315,-270,-270,-380,-360,-547,-545,-491,-370,-900,-896,-896,-896,-864,-850,-900,-896,-1030,-1024,-1002,-986,-974,-961,-952,-881,-1530,-1474,-2014,-1871,-6279,-5912,-29964,-29963,-6419,-4781,-12850,-29939,-29970,-6383,-5497,-5497]} 1. e4 c5 2. Nc3 Nc6 3. g3 g6 4. Bg2 Bg7 5. d3 d6 6. f4 e6 7. Nf3 Nge7 8. O-O O-O 9. Bd2 b6 10. Rb1 Bb7 11. Ne2 {B25: Closed Sicilian: 3 g3, lines without early Be3} (11. g4 f5 12. exf5 exf5 13. gxf5 Nxf5 14. Ng5 Qd7 15. Bd5+ Kh8 16. Ne6 Bd4+ 17. Nxd4 Ncxd4 18. Be4 d5 {0-1 (44) Bachin,V (2406)-Chigaev,M (2577) St Petersburg 2018}) 11... Qd7 {LiveBook: 5 Games} 12. c3 d5 $146 ({Predecessor:} 12... e5 13. b4 cxb4 14. cxb4 b5 15. Qb3 d5 16. Be3 Rad8 17. Bc5 exf4 18. gxf4 dxe4 19. dxe4 {½-½ (30) Simon Padros,E (2214)-Parligras,C (2298) Benidorm 2012}) 13. e5 {The position is equal.} a5 14. d4 cxd4 15. cxd4 Ba6 16. Be3 Rfc8 17. a3 {[#]} a4 $1 {[%mdl 512]} 18. Re1 (18. Qxa4 Bxe2) 18... Na5 19. Nc3 Nb3 20. g4 Bc4 21. Ne2 b5 22. Ng3 Na5 23. Nh4 (23. Rc1 $15) 23... Bb3 $36 {[%mdl 2048] Black is really pushing.} 24. Qf3 Bc2 25. f5 (25. Ra1 $17 {was worth a try.}) 25... Bxb1 $19 ({Not} 25... gxf5 26. gxf5 $1 {[%mdl 512]} exf5 27. Bh3 $14) 26. Rxb1 Nc4 27. f6 {[#]} Bf8 $1 {aiming for ...Nc6.} 28. fxe7 Bxe7 (28... Qxe7 $19 {and Black stays clearly on top.} 29. g5 b4) 29. g5 $2 {[#]} (29. Nhf5 $17 exf5 30. gxf5) 29... b4 $1 30. Rf1 Rf8 ({Worse is} 30... bxa3 31. Qxf7+ Kh8 32. Nxg6+ hxg6 33. Qxg6 $11) 31. Bc1 bxa3 32. bxa3 Rab8 33. Rd1 (33. h3 {was necessary.}) 33... Rb3 34. Rd3 (34. Qf4 {is a better defense.} Bxa3 35. Bxa3 Nxa3 36. Nf3) 34... Rb1 35. Rd1 Qa7 36. Qg4 $2 (36. Bf1 Rxc1 {[%mdl 64] Deflection} 37. Rxc1 Qxd4+ {[%mdl 64] Double Attack} 38. Kh1 Qxh4 39. Bxc4 Qxg5 40. Rc2 dxc4 41. Rxc4) 36... Bxa3 37. Bxa3 Rxd1+ 38. Qxd1 Nxa3 39. Bf1 Rb8 40. Nf3 Rb1 41. Qd3 Rb3 42. Qd1 Nc4 43. Be2 Qb6 {And now ...Rb1 would win.} 44. Nf1 a3 45. Bxc4 dxc4 46. N1d2 {[#]} Rxf3 $1 {[%mdl 576] Promotion} 47. Nxf3 (47. Qxf3 Qxd4+) 47... a2 48. Qa4 Qb1+ 49. Kf2 a1=Q 50. Qe8+ Kg7 {( -> ...Qd3)} 51. Qd8 Qf5 {Accuracy: White = 30%, Black = 77%.} 0-1

[Event "28th WSCC Open 65 2018"]
[Site "Bled"]
[Date "2018.11.19"]
[Round "2"]
[White "Titz, Heimo"]
[Black "Balashov, Yuri S"]
[Result "0-1"]
[WhiteElo "2161"]
[BlackElo "2445"]
[Annotator "TA"]
[PlyCount "70"]
[EventDate "2018.11.17"]
[EventType "swiss"]
[EventCountry "SLO"]
[SourceTitle "playchess.com"]
[Source "ChessBase"]
[SourceQuality "1"]

{[%evp 37,70,-41,-13,-46,-23,-81,-84,-97,-84,-120,-126,-144,-159,-325,-148,-155,-142,-202,-170,-259,-260,-432,-431,-456,-445,-457,-445,-1557,-1607,-5369,-5285,-5281,-5543,-5173,-5173]} 1. c4 c5 2. Nf3 Nc6 3. Nc3 e5 4. g3 g6 5. Bg2 Bg7 6. d3 Nge7 7. O-O d6 8. Rb1 O-O 9. a3 a5 10. Bd2 Rb8 11. Ne1 Be6 12. Nc2 d5 13. cxd5 Nxd5 14. Nxd5 Bxd5 15. Bxd5 {A37: Symmetrical English vs ...g6: 4 Bg2 Bg7 5 Nf3} Qxd5 16. Ne3 (16. b4 axb4 17. axb4 b6 18. Bc3 Nd4 19. bxc5 bxc5 20. Bxd4 cxd4 21. Na3 h5 22. Nc4 e4 {½-½ (76) Zvjaginsev,V (2655)-Saric,I (2622) Legnica 2013}) 16... Qe6 17. b4 axb4 18. axb4 cxb4 19. Bxb4 Rfd8 {LiveBook: 4 Games} 20. f3 $146 ({Predecessor:} 20. Bc5 e4 21. Qb3 exd3 22. exd3 Qh3 {0-1 (56) Titz,H (2243)-Kilgus,G (2361) Vienna 2010}) 20... b5 21. Bd2 (21. Nc2 $11) 21... f5 $17 22. Qe1 Nd4 23. Kg2 Ra8 24. Rf2 Ra2 25. Ra1 $2 (25. Kh1 $17) 25... Rda8 (25... f4 $19 {is more deadly.} 26. Rxa2 fxe3 27. Bxe3 Qxa2 28. Bxd4 exd4) 26. Rxa2 Rxa2 27. Nf1 (27. Bc3 $17) 27... e4 28. dxe4 (28. Qd1 $142) 28... fxe4 $19 29. f4 $2 (29. Qb1 Rxd2 30. Nxd2) 29... Nc2 {Black is clearly winning.} 30. Qc1 b4 {[%cal Bb5b4,Bb4b3][%mdl 32] [#] Strongly threatening ...b3.} 31. Ne3 b3 32. Nxc2 (32. f5 $142 gxf5 33. Nxf5) 32... Rxc2 33. Qd1 Qd5 34. e3 Bc3 {[%cal Rd5d2] [#] ( -> ...Qxd2)} 35. Qg4 Bxd2 {Accuracy: White = 12%, Black = 60%.} 0-1

[Event "28th WSCC Open 65 2018"]
[Site "Bled"]
[Date "2018.11.19"]
[Round "2"]
[White "Srebrnic, Vojko"]
[Black "Birnboim, Nathan"]
[Result "1/2-1/2"]
[WhiteElo "2140"]
[BlackElo "2376"]
[Annotator "TA"]
[PlyCount "84"]
[EventDate "2018.11.17"]
[EventType "swiss"]
[EventCountry "SLO"]
[SourceTitle "playchess.com"]
[Source "ChessBase"]
[SourceQuality "1"]

{[%evp 17,84,25,25,18,12,0,0,0,5,0,0,-6,-6,-8,0,-2,-7,0,-7,-7,0,-2,-10,-6,4,0,0,0,3,-10,-6,-31,-28,-29,-8,-27,-9,-18,0,0,0,0,0,0,0,0,0,5,9,0,8,0,0,0,0,0,0,0,0,0,0,-18,0,0,0,0,11,11,12]} 1. e4 Nf6 2. e5 Nd5 3. c4 Nb6 4. c5 Nd5 5. Nc3 Nxc3 6. dxc3 d6 7. cxd6 exd6 8. Nf3 Nc6 9. Bb5 Bd7 10. exd6 {B02: Alekhine's Defence: Chase Variation and lines with early Nc3} Bxd6 11. Qe2+ $146 ({Predecessor:} 11. O-O O-O 12. Qd3 h6 13. Be3 a6 14. Bc4 Bg4 15. Bd5 Bxf3 16. Bxf3 Bxh2+ {0-1 (16) Lyall,S (1801)-Fan,A (1747) Auckland 2014}) 11... Qe7 12. Qxe7+ Kxe7 13. O-O Rhe8 14. Bg5+ Kf8 15. Rfe1 a6 16. Bd3 h6 17. Be3 Rad8 18. Rad1 Be6 19. Bb1 Ne7 20. Nd4 Bg4 21. f3 Bc8 22. Bf2 c5 23. Nb3 b6 24. Bg3 Bxg3 25. hxg3 Be6 26. Bc2 Nf5 27. Kf2 {The position is equal.} Nd6 28. Nc1 Nc4 29. b3 Na3 (29... Nb2 {with more complications.} 30. Rxd8 Rxd8 31. Ke3 Re8 32. Kd2 Rd8+) 30. Be4 Rxd1 31. Rxd1 Ke7 32. Ne2 Nb5 33. Bc6 Rb8 34. Bxb5 axb5 $11 {[%mdl 4096] Endgame KRB-KRN} 35. Nf4 Ra8 36. Rd2 Ra7 37. Re2 Ra3 38. Nxe6 fxe6 39. Ke3 Kd6 40. Kd3 Kd5 {White should prevent ...c4+.} 41. Rd2 c4+ 42. Kc2+ Kc6 {Accuracy: White = 46%, Black = 56%.} 1/2-1/2

[Event "28th WSCC Open 65 2018"]
[Site "Bled"]
[Date "2018.11.19"]
[Round "2"]
[White "Van Oosten, Arend"]
[Black "Vogt, Lothar"]
[Result "1/2-1/2"]
[WhiteElo "2137"]
[BlackElo "2359"]
[Annotator "TA"]
[PlyCount "86"]
[EventDate "2018.11.17"]
[EventType "swiss"]
[EventCountry "SLO"]
[SourceTitle "playchess.com"]
[Source "ChessBase"]
[SourceQuality "1"]

{[%evp 20,86,0,0,-3,-12,0,-10,0,-16,0,-18,16,21,112,16,18,0,0,0,-2,-15,-16,-48,-63,-38,-30,-31,-19,-26,-25,-26,-19,-29,-32,-29,0,-48,10,-88,-21,-71,-69,-69,-61,-64,-66,-128,0,0,4,3,20,19,29,0,10,10,10,10,10,10,7,18,12,10,2,0,0]} 1. e4 c5 2. Nc3 Nc6 3. g3 g6 4. Bg2 Bg7 5. d3 d6 6. Be3 e6 7. Qd2 Qa5 8. Nge2 Nd4 9. O-O Ne7 10. Nc1 Bd7 11. Nb3 {LiveBook: 7 Games. B26: Closed Sicilian: 3 g3, lines with early Be3} Qb4 12. Rab1 $146 ({Predecessor:} 12. Nxd4 cxd4 13. Nd1 Qxd2 14. Bxd2 Rc8 15. Rc1 Nc6 16. f4 O-O 17. Nf2 Rc7 18. c4 dxc3 19. bxc3 {½-½ (62) Dudukovic,N (2252)-Zakic,S (2360) Belgrade 2011}) 12... Nec6 13. Nc1 O-O 14. f4 Rae8 15. Qf2 Qa5 16. Nd1 Ne7 {[#]} (16... f5 $11) 17. c3 (17. b4 $1 $16 {[%cal Rb4a5][%mdl 512]} Qb6 (17... cxb4 18. Bxd4) 18. Nb3) 17... Ndc6 $11 18. Bd2 Qc7 19. Ne3 f5 20. Ne2 e5 21. exf5 Nxf5 22. Nd5 Qd8 23. Be4 Nfe7 24. Qg2 Nxd5 25. Bxd5+ Kh8 26. fxe5 Nxe5 27. Nf4 Bc6 28. Rbe1 Qd7 (28... g5 $15 29. Nh5 Nxd3 30. Rxe8 Qxe8) 29. b3 (29. c4 $11 {keeps the balance.}) 29... Bxd5 (29... g5 $17 30. Bxc6 bxc6) 30. Nxd5 Nxd3 31. Rxf8+ Rxf8 32. Re7 Qf5 {White must now prevent ...Ne5.} 33. Ne3 {[#]} (33. g4 $15 Qc8 34. c4 (34. Qh3 $2 Nf2 $19)) 33... Qf2+ ({Black should play} 33... Qh5 $1 $17 {Strongly threatening ...Bh6.} 34. Nf1 Ne5) 34. Qxf2 Rxf2 35. Nf1 Rf8 36. Rxb7 a5 37. Ra7 Ne5 {The position is equal.} 38. Kg2 Nf3 39. Bf4 Ne1+ 40. Kh3 Bxc3 41. Ne3 Bd4 42. Bh6 Re8 43. Nc4 d5 {Accuracy: White = 42%, Black = 49%.} 1/2-1/2

[Event "28th WSCC Open 65 2018"]
[Site "Bled"]
[Date "2018.11.19"]
[Round "2"]
[White "Malmdin, Nils-Ake"]
[Black "Berkovich, Mark A"]
[Result "1/2-1/2"]
[WhiteElo "2126"]
[BlackElo "2339"]
[Annotator "TA"]
[PlyCount "86"]
[EventDate "2018.11.17"]
[EventType "swiss"]
[EventCountry "SLO"]
[SourceTitle "playchess.com"]
[Source "ChessBase"]
[SourceQuality "1"]

{[%evp 9,86,3,12,-31,-23,-37,-40,-34,0,0,0,0,9,6,6,6,2,2,10,3,11,0,0,-9,0,0,0,-20,0,-12,0,0,0,0,0,0,0,0,0,0,0,0,0,0,0,-3,0,0,0,0,0,-8,0,0,0,0,0,0,0,0,0,0,0,0,0,0,0,0,0,0,0,0,0,0,0,0,0,0,0]} 1. e4 c6 2. d4 d5 3. e5 c5 4. Nf3 Nc6 (4... e6 5. c3 Ne7 6. Bd3 Nec6 7. O-O Be7 8. Re1 b6 9. a3 a5 10. a4 Ba6 11. Na3 Bxd3 12. Qxd3 {0-1 (71) Shankland,S (2671)-Li,C (2732) Liaocheng 2018}) 5. c4 cxd4 {LiveBook: 92 Games} 6. cxd5 {B12: Caro-Kann: Advance Variation} Qxd5 {[#]} 7. Nc3 $1 {[%mdl 512]} Qd8 (7... dxc3 8. Qxd5) 8. Nb5 {[%cal Rb5d4] Black is slightly better.} Bg4 (8... a6 $5 {[%cal Ra6b5]} 9. Nbxd4 Nxe5 $11) 9. Nbxd4 {The position is equal.} Bxf3 10. Nxf3 Qxd1+ 11. Kxd1 Rd8+ $146 ({Predecessor:} 11... e6 12. Bb5 {1-0 (60) Ricardi,P (2538)-Garbarino,R (2397) Villa Martelli 2001}) 12. Bd2 e6 13. Bb5 Nge7 14. Ke2 a6 15. Bxc6+ Nxc6 16. Bc3 Bc5 17. Rhd1 Ke7 18. Rac1 Rxd1 19. Rxd1 Rc8 20. a3 Ke8 21. Ng5 Ne7 22. Ne4 {[#] aiming for Bd4.} Nd5 23. Bd2 {Hoping for Rc1.} Be7 24. Rc1 Rxc1 25. Bxc1 $11 {[%mdl 4096] Endgame KBN-KBN} Kd7 26. Kd3 Kc6 27. g3 b5 28. Bg5 f6 29. exf6 gxf6 30. Bc1 (30. Bd2 {looks sharper.} Kd7 31. f4 Kc6 32. g4 f5 33. gxf5 exf5 34. Ng3) 30... f5 31. Ng5 Bxg5 $1 32. Bxg5 {KB-KN} Nb6 33. b3 Kd5 34. f3 Nd7 35. Be3 Ne5+ 36. Ke2 h5 37. h3 a5 38. a4 bxa4 39. bxa4 Nc4 40. Bf2 e5 41. Be1 Kd4 42. Bf2+ Kd5 43. Be1 Kd4 {Accuracy: White = 78%, Black = 76%.} 1/2-1/2

[Event "28th WSCC Open 65 2018"]
[Site "Bled"]
[Date "2018.11.19"]
[Round "2"]
[White "Yakimenko, Alexander A."]
[Black "Shirazi, Kamran"]
[Result "0-1"]
[WhiteElo "2125"]
[BlackElo "2333"]
[Annotator "TA"]
[PlyCount "29"]
[EventDate "2018.11.17"]
[EventType "swiss"]
[EventCountry "SLO"]
[SourceTitle "playchess.com"]
[Source "ChessBase"]
[SourceQuality "1"]

{[%evp 15,29,25,45,19,34,48,41,43,37,37,38,17,29,-2,-8,-72]} 1. e4 e5 2. Nf3 Nc6 3. Bb5 a6 4. Ba4 g6 5. c3 d6 6. h3 Bg7 7. d4 Bd7 8. O-O Nge7 {LiveBook: 11 Games. C76: Ruy Lopez: Deferred Steinitz: 5 c3 Bd7 6 d4 g6} (8... Nf6 9. Re1 O-O 10. Nbd2 h6 11. Nf1 Re8 12. Ng3 b5 13. Bc2 exd4 14. cxd4 Nb4 15. Bb1 c5 16. d5 a5 17. a3 Na6 18. Bf4 {1-0 (57) Ivanchuk,V (2726)-Mamedyarov,S (2799) Huaian 2017}) 9. d5 Nb8 {[%cal Bc6b8,Bb8d7,Bd7f6][%mdl 32]} 10. Bxd7+ (10. Bc2 {seems wilder.} O-O 11. c4 a5 12. Nc3 Na6 13. Re1) 10... Nxd7 {White is slightly better.} 11. c4 h6 12. Nc3 f5 13. Bd2 $146 ({Predecessor:} 13. b4 O-O 14. a4 Nf6 15. Nd2 f4 16. c5 {1-0 (44) Pacher,M (2493)-Havasi,G (2394) Budapest 2016}) 13... O-O 14. b4 Nf6 15. Qc1 (15. Qe2 $11 {remains equal.}) 0-1